Juan León Mera
Guardat en:
| Format: | Llibre |
|---|---|
| Idioma: | espanyol |
| Publicat: |
Quito
Corporación de Estudios y Publicaciones
1995
|
| Col·lecció: | Biblioteca Ecuatoriana Clásica, 36
|
| Matèries: | |
| Etiquetes: |
Afegir etiqueta
Sense etiquetes, Sigues el primer a etiquetar aquest registre!
|
MARC
| LEADER | 00000nam a2200000 a 4500 | ||
|---|---|---|---|
| 001 | UCM2417 | ||
| 003 | CL-VaPUC | ||
| 008 | 020510e19950000EC |||||||||||||||||spa|d | ||
| 082 | 0 | 4 | |a 986.6 |b JUA |2 21 |
| 245 | 1 | 0 | |a Juan León Mera |
| 300 | |a 648 p | ||
| 942 | |c BK | ||
| 945 | |d 20020510 00:00:00 |a cmena | ||
| 260 | |a Quito |b Corporación de Estudios y Publicaciones |c 1995 | ||
| 600 | 0 | 7 | |a MERA MARTINEZ, JUAN LEON |2 CL-VaPUC |9 469177 |
| 650 | 7 | |a HISTORIA DE ECUADOR |2 CL-VaPUC |9 447636 | |
| 583 | |a last modification |c 20020510 00:00:00 |k Rodrigo Vera | ||
| 490 | 0 | |a Biblioteca Ecuatoriana Clásica, 36 | |
| 999 | |c 300266 |d 300264 | ||
| 952 | |0 0 |1 0 |4 0 |6 986_600000000000000_JUA_1995 |7 0 |8 P |9 357838 |a BIBEDU |b BIBEDU |c BIBEDU_PB |d 2019-11-21 |i 3670872 |o 986.6 JUA 1995 |p 3670872 |r 2024-01-25 |w 2019-11-21 |y BK |k LIT | ||